| 000 | 00484nam a2200181Ia 4500 | ||
|---|---|---|---|
| 008 | 230711s9999||||xx |||||||||||||| ||und|| | ||
| 020 | _a978-81-239-1693-4 | ||
| 041 | _aENG | ||
| 082 |
_a641.1 _bSE-P |
||
| 100 | _aSethi,Mohini | ||
| 245 | 0 | _aFood Science : Experiments and Applications | |
| 250 | _a2nd Ed. | ||
| 260 |
_c2011 _aNew Delhi _bCBS Publishers & Distributors Pvt.Ltd |
||
| 300 | _a281p. | ||
| 650 | _aFood Science and Technology | ||
| 700 | _aRao,Eram S | ||
| 942 | _cBK | ||
| 999 |
_c7385 _d7385 |
||